日本の長い駅名(1995年) - Statistics

General Stats
  • This quiz has been taken 30 times
  • The average score is 4 of 18
Answer Stats
文字数 駅名 都道府県 % Correct
22 南阿蘇水の生まれる里白水高原 熊本県
85%
22 長者ヶ浜潮騒はまなす公園前 茨城県
81%
20 西線9条旭山公園通 北海道
38%
16 馬出九大病院前 福岡県
31%
16 阿蘇下田城ふれあい温泉 熊本県
27%
14 尼崎センタープール前 兵庫県
23%
14 北海道医療大学 北海道
23%
16 やながわ希望の森公園前 福島県
19%
15 蒲郡競艇場前 愛知県
15%
15 大森・金城学院前 愛知県
12%
14 天神橋筋六丁目 大阪府
12%
14 中京競馬場前 愛知県
8%
14 東池袋四丁目 東京都
8%
17 鶯沢工業高校前 宮城県
4%
15 白浜海水浴場前 長崎県
4%
14 上野動物園東園 東京都
0%
14 金園町九丁目 岐阜県
0%
14 向ヶ丘遊園正門 神奈川県
0%
No matching quizzes found
Score Distribution
Percent of People with Each Score
Percentile by Number Answered
Your Score History
You have not taken this quiz